<?xml version="1.0" encoding="UTF-8"?>
<record
    xmlns:xsi="http://www.w3.org/2001/XMLSchema-instance"
    xsi:schemaLocation="http://www.loc.gov/MARC21/slim http://www.loc.gov/standards/marcxml/schema/MARC21slim.xsd"
    xmlns="http://www.loc.gov/MARC21/slim">

  <leader>00428nam a2200205   4500</leader>
  <controlfield tag="001">3363</controlfield>
  <controlfield tag="005">20181127171103.0</controlfield>
  <datafield tag="010" ind1="0" ind2="0">
    <subfield code="a"></subfield>
  </datafield>
  <datafield tag="020" ind1="0" ind2="0">
    <subfield code="a">9789380005201</subfield>
  </datafield>
  <datafield tag="090" ind1="0" ind2="0">
    <subfield code="a">FIC M2973s </subfield>
  </datafield>
  <datafield tag="100" ind1="0" ind2="0">
    <subfield code="a"></subfield>
  </datafield>
  <datafield tag="245" ind1="0" ind2="0">
    <subfield code="a">Selected ghost stories.</subfield>
    <subfield code="b"></subfield>
    <subfield code="c"> </subfield>
    <subfield code="h"></subfield>
  </datafield>
  <datafield tag="250" ind1="0" ind2="0">
    <subfield code="a"></subfield>
  </datafield>
  <datafield tag="260" ind1="0" ind2="0">
    <subfield code="a">New Delhi :</subfield>
    <subfield code="b">Maple Press,</subfield>
    <subfield code="c">2010.</subfield>
  </datafield>
  <datafield tag="300" ind1="0" ind2="0">
    <subfield code="a">584 p.</subfield>
  </datafield>
  <datafield tag="500" ind1="0" ind2="0">
    <subfield code="a"></subfield>
  </datafield>
  <datafield tag="650" ind1="0" ind2="0">
    <subfield code="a"></subfield>
    <subfield code="x"></subfield>
  </datafield>
  <datafield tag="650" ind1="0" ind2="0">
    <subfield code="a">Ghost stories.</subfield>
    <subfield code="x"></subfield>
  </datafield>
  <datafield tag="650" ind1="0" ind2="0">
    <subfield code="a">Horror tales.</subfield>
    <subfield code="x"></subfield>
  </datafield>
  <datafield tag="999" ind1=" " ind2=" ">
    <subfield code="c">2723</subfield>
    <subfield code="d">2723</subfield>
  </datafield>
  <datafield tag="952" ind1=" " ind2=" ">
    <subfield code="0">0</subfield>
    <subfield code="1">0</subfield>
    <subfield code="2">ddc</subfield>
    <subfield code="4">0</subfield>
    <subfield code="7">0</subfield>
    <subfield code="8">FIC</subfield>
    <subfield code="a">RTCLIB</subfield>
    <subfield code="b">RTCLIB</subfield>
    <subfield code="c">FIC</subfield>
    <subfield code="d">2021-10-13</subfield>
    <subfield code="h"> </subfield>
    <subfield code="i">5846</subfield>
    <subfield code="l">5</subfield>
    <subfield code="m">6</subfield>
    <subfield code="o">FIC 813.54 MAP</subfield>
    <subfield code="p">30001585</subfield>
    <subfield code="r">2022-06-21 00:00:00</subfield>
    <subfield code="s">2022-06-20</subfield>
    <subfield code="w">2018-11-27</subfield>
    <subfield code="y">FIC</subfield>
  </datafield>
</record>
